Reklámok és az ígéret összefüggése
| Main Author: | |
|---|---|
| Other Authors: | |
| Format: | Project work |
| Kulcsszavak: | arculat - image kommunikáció marketing reklám reklámtevékenység |
| Online Access: | http://dolgozattar.uni-bge.hu/59890 |
MARC
| LEADER | 00000nnm a2200000 i 4500 | ||
|---|---|---|---|
| 001 | dolg59890 | ||
| 005 | 20260409145714.0 | ||
| 008 | 260409suuuu hu o 000 hun d | ||
| 040 | |a BGE Dolgozattár Repozitórium |b hun | ||
| 041 | |a hu | ||
| 100 | 1 | |a Szabó Petra | |
| 245 | 1 | 0 | |a Reklámok és az ígéret összefüggése |c Szabó Petra |h [elektronikus dokumentum] |
| 516 | |a Project_work | ||
| 520 | 3 | |a A marketing az utóbbi évtizedben robbanásszerűen fejlődött és növekedett. A fogyasztói szokások megváltoztak, illetve a technika fejlődése lehetővé teszi, hogy a márkák modernebb arculattal, logókkal, eszközökkel, új és többféle kommunikációs csatornákon keresztül érjék el a célközönségüket. A gyors technikai változásnak köszönhetően a piac szereplői hamar rájöttek, hogy a sikeres értékesítés kulcsa a marketingkommunikáció, a képviselt érték átadása a fogyasztóknak, továbbá elengedhetetlen az átadni kívánt üzenet helyes megfogalmazása.A hatékony kommunikáció elengedhetetlen, hiszen egy célcsoport pontos megszólítása a kulcs a vállalat/ márka sikeréhez. Az, hogy az átadni kívánt üzenetek eljussanak ezekhez a csoportokhoz, illetve a mondanivaló érthető és világos legyen egy kihagyhatatlan lépés.Projektmunkámban szeretnék rámutatni arra, hogy napjainkban a reklámhatásmechanizmus hogyan hat a vevőkre illetve vásárlókra, hogyan befolyásolja őket a döntéshozatal folyamatában. Szeretném kifejteni, a lojális vásárló fogalmát és, hogy mitől lesznek hűségesek a fogyasztók egy adott márkához illetve brandhez. | |
| 695 | |a arculat - image | ||
| 695 | |a kommunikáció | ||
| 695 | |a marketing | ||
| 695 | |a reklám | ||
| 695 | |a reklámtevékenység | ||
| 700 | 1 | |a Sólyomfi Dr. Andrea Hanna |e ths | |
| 856 | 4 | 0 | |u http://dolgozattar.uni-bge.hu/59890/1/Projektmunka-Szab%C3%B3%20Petra.pdf |z Dokumentum-elérés |
| 856 | 4 | 0 | |u http://dolgozattar.uni-bge.hu/59890/2/Szab%C3%B3%20Petra%20Rekl%C3%A1mok%20%C3%A9s%20az%20%C3%ADg%C3%A9ret%20%C3%B6sszef%C3%BCgg%C3%A9se.pdf |z Dokumentum-elérés |